Force : dynamic life drawing for animators

שמור ב:
מידע ביבליוגרפי
מחבר ראשי: Mattesi, Michael D. (Author)
פורמט: ספר
שפה:אנגלית
יצא לאור: Amsterdam, The Netherlands ; Boston, USA : Focal Press, 2006.
נושאים:
תגים: הוספת תג
אין תגיות, היה/י הראשונ/ה לתייג את הרשומה!

MARC

LEADER 00000cam a22000004a 4500
001 14405927
003 CL-VaPUC
005 20250321101918.0
008 060608r20062003ne a 001 0 eng
999 |c 446482  |d 446480 
010 |a  2006018767 
015 |2 bnb  |a GBA660511 
016 7 |a 013507464  |2 Uk 
020 |a 0240808452 (pbk. : alk. paper) 
020 |a 9780240808451 (pbk. : alk. paper) 
035 |a (OCoLC)ocm70062995 
035 |a (OCoLC)70062995  |z (OCoLC)70401534  |z (OCoLC)85168546 
040 |a DLC  |c Pontificia Universidad Católica de Valparaíso 
050 0 0 |a NC765  |b .M377 2006 
082 0 0 |a 741.018 MAT 2006  |2 22 
100 1 |a Mattesi, Michael D.  |e author  |9 895346 
245 1 0 |a Force :  |b dynamic life drawing for animators  
260 |a Amsterdam, The Netherlands ;  |a Boston, USA :  |b Focal Press,  |c 2006. 
300 |a xvi, 228 páginas :  |b ilustraciones. 
500 |a c.1. Instituto Arcos 8-1-2025 
504 |a Includes bibliographical references and index. 
583 |c 20250113  |k GC 
650 0 |a Dibujo de figuras  |x Tecnica  |9 895347 
650 0 |a Fuerza y energia   |x Miscelánea  |9 895348 
942 |2 ddc  |c BK  |n 0 
952 |0 0  |1 0  |2 ddc  |4 0  |6 741_018000000000000_MAT_2006  |7 0  |8 A  |9 599238  |a BIBINC  |b BIBINC  |d 2025-01-13  |e Instituto Arcos  |i 5664188  |l 3  |o 741.018 MAT 2006  |p 5664188  |r 2025-04-30  |s 2025-04-16  |t 1  |w 2025-01-13  |y BK  |k IFP